| 000 | 00623cam a22002293a 4500 | ||
|---|---|---|---|
| 001 | 22939 | ||
| 003 | PGUSA | ||
| 005 | 20140828083504.0 | ||
| 008 | 071010s2007||||xxu|||||s|||||000 | eng d | ||
| 040 |
_aPGUSA _beng |
||
| 042 | _adc | ||
| 050 | 4 | _aDX | |
| 100 | 1 |
_aLeland, Charles Godfrey, _d1824-1903 |
|
| 245 | 1 | 4 |
_aThe Gypsies _h[electronic resource] / _cCharles Godfrey Leland |
| 260 |
_bProject Gutenberg, _c2007 |
||
| 506 | _aPublic domain in the USA. | ||
| 516 | _aElectronic text | ||
| 653 | _aRomanies | ||
| 830 | 0 |
_aProject Gutenberg _v22939 |
|
| 856 | 4 | 0 | _uhttp://www.gutenberg.org/ebooks/22939 |
| 942 | _cEB | ||
| 999 |
_c252194 _d252194 |
||